logo

Bir Sreshtho Munshi Abdur Rouf Library
Jhenaidah Cadet College

ভৌতবস্তু : (Record no. 954)

MARC details
000 -LEADER
fixed length control field 00811nam a22002417a 4500
001 - CONTROL NUMBER
JCCL Control Number 954
003 - CONTROL NUMBER IDENTIFIER
JCCL marc code BD-JhCC
005 - DATE AND TIME OF LATEST TRANSACTION
control field 20171022091715.0
008 - FIXED-LENGTH DATA ELEMENTS--GENERAL INFORMATION
fixed length control field 171011s2011 bg a|||| ||a| 00| 0 ben d
020 ## - INTERNATIONAL STANDARD BOOK NUMBER
International Standard Book Number 9847015201258
035 ## - SYSTEM CONTROL NUMBER
system control number (BD-JhCC)954
040 ## - CATALOGING SOURCE
Original cataloging agency BD-JhCC
Modifying agency BD-JhCC
041 ## - LANGUAGE CODE
Language code of Book ben
082 ## - DEWEY DECIMAL CLASSIFICATION NUMBER
Classification number 630
Author mark and Year LAN 2001
DDC Edition number 23
100 ## - MAIN ENTRY--PERSONAL NAME
Personal name লানদাউ, ল.
245 ## - TITLE STATEMENT
Title ভৌতবস্তু :
Remainder of title সকেলর জন্য পদার্থবিদ্যা ১ /
Statement of responsibility, etc ল. লানদাউ; আ. কিতাইগারোদাস্কি
260 ## - PUBLICATION, DISTRIBUTION, ETC. (IMPRINT)
Place of publication, distribution, etc ঢাকা :
Name of publisher, distributor, etc অনুপম প্রকাশনী,
Date of publication, distribution, etc 2011
300 ## - PHYSICAL DESCRIPTION
Pagination 166 p. :
Other physical details ills;
Dimensions 21 cm.
650 ## - SUBJECT ADDED ENTRY--TOPICAL TERM
Topical term or geographic name as entry element Matters
700 ## - ADDED ENTRY--PERSONAL NAME
Personal name কিতাইগারোদাস্কি, আ.
942 ## - ADDED ENTRY ELEMENTS (KOHA)
Source of classification or shelving scheme Dewey Decimal Classification
Koha item type Books
Holdings
Source of classification or shelving scheme Damaged status Not for loan Home library Current library Shelving location Date of accession Cost, normal purchase price Total Checkouts Full call number Barcode Date last seen Date checked out Copy number Koha item type
Dewey Decimal Classification     JCC Rouf Library JCC Rouf Library General Stacks 10/11/2017 200.00 1 530 LAN 2001 1927 11/04/2024 10/21/2024 C-1 Books
Dewey Decimal Classification     JCC Rouf Library JCC Rouf Library General Stacks 10/22/2017 200.00   537 LAN 2001 2807 10/22/2017   C-2 Books

JCC Library | Contacts | JCC Home

Last Update on 23 September 2017
Copyright @ 2017-2020 JCC Rouf Library
Rouf Library, Jhenidah Cadet College (JCC), Bangladesh